[Event "Porticcio Open"]
[Site "?"]
[Date "2016.06.25"]
[Round "1.1"]
[White "Bacrot, Etienne"]
[Black "Pierre, Timothee"]
[Result "1-0"]
[WhiteElo "2702"]
[BlackElo "1878"]
[PlyCount "53"]
[EventDate "2016.??.??"]
[WhiteClock "1:21:51"]
[BlackClock "0:21:54"]

1. e4 e5 2. Nf3 Nc6 3. Bc4 Bc5 4. d3 Nf6 5. O-O d6 6. c3 Bg4 7. Nbd2 O-O 8. h3
Bh5 9. Re1 a6 10. Bb3 h6 11. Nf1 Qd7 12. Ng3 Bg6 13. Nh4 Kh7 14. Be3 Bxe3 15.
Rxe3 Nd8 16. d4 exd4 17. cxd4 Ne6 18. e5 dxe5 19. dxe5 Qxd1+ 20. Rxd1 Nh5 21.
Nxg6 Kxg6 22. Bc2+ Kg5 23. Ne4+ Kh4 24. Kh2 Rad8 25. g3+ Nxg3 26. Nxg3 Rxd1 27.
Re4+ 1-0

[Event "Porticcio Open"]
[Site "?"]
[Date "2016.06.25"]
[Round "1.2"]
[White "Kender, Robert"]
[Black "Areshchenko, Alexander"]
[Result "0-1"]
[WhiteElo "1845"]
[BlackElo "2654"]
[PlyCount "70"]
[EventDate "2016.??.??"]
[WhiteClock "0:04:25"]
[BlackClock "0:57:11"]

1. e4 c5 2. Nf3 d6 3. d4 cxd4 4. Qxd4 Nf6 5. Nc3 Nc6 6. Bb5 Bd7 7. Bxc6 Bxc6 8.
Be3 e6 9. O-O-O Be7 10. Kb1 O-O 11. h3 b5 12. e5 Nd5 13. exd6 Bxd6 14. Ne4 Be7
15. Qe5 Qc8 16. Nd4 Nxe3 17. fxe3 f6 18. Nxc6 Qxc6 19. Qf4 a5 20. Rd2 a4 21.
Rhd1 f5 22. Nd6 Bf6 23. Qb4 Rab8 24. g3 Be5 25. g4 Qf3 26. gxf5 exf5 27. Nxb5
Qxe3 28. Rd3 Qe4 29. Qc5 f4 30. Nc3 Bxc3 31. Qxc3 f3 32. Re3 Qf5 33. Rf1 Qxh3
34. Qc4+ Kh8 35. Rexf3 Rxf3 0-1

[Event "Porticcio Open"]
[Site "?"]
[Date "2016.06.25"]
[Round "1.3"]
[White "Laznicka, Viktor"]
[Black "Massardo, Quentin"]
[Result "1-0"]
[WhiteElo "2654"]
[BlackElo "1828"]
[PlyCount "49"]
[EventDate "2016.??.??"]
[WhiteClock "1:18:09"]
[BlackClock "1:00:53"]

1. e4 Nf6 2. e5 Nd5 3. d4 d6 4. Nf3 dxe5 5. Nxe5 c6 6. c4 Nb6 7. Nc3 Bf5 8. Be3
N8d7 9. Nxf7 Kxf7 10. Qf3 e6 11. g4 Qf6 12. gxf5 Qxf5 13. Qxf5+ exf5 14. c5 Nd5
15. Bc4 N7f6 16. Bg5 Re8+ 17. Kf1 Kg6 18. Rg1 Ng4 19. Bd2 Kh5 20. Nxd5 cxd5 21.
Bxd5 Nxh2+ 22. Kg2 Re2 23. Bf4 Ng4 24. Bf7+ g6 25. Rh1+ 1-0

[Event "Porticcio Open"]
[Site "?"]
[Date "2016.06.25"]
[Round "1.5"]
[White "Jones, Gawain C B"]
[Black "Pillot, Antoine"]
[Result "1-0"]
[WhiteElo "2650"]
[BlackElo "1768"]
[PlyCount "30"]
[EventDate "2016.??.??"]
[WhiteClock "1:23:15"]
[BlackClock "1:01:44"]

1. e4 e5 2. Nf3 Nc6 3. d4 exd4 4. Bc4 Nf6 5. e5 Ne4 6. Qe2 Nc5 7. O-O Be7 8.
Rd1 d5 9. exd6 Qxd6 10. b4 Ne6 11. b5 Nb4 12. Nc3 c6 13. bxc6 Nxc6 14. Nb5 Qc5
15. Bxe6 Qxb5 1-0

[Event "Porticcio Open"]
[Site "?"]
[Date "2016.06.25"]
[Round "1.6"]
[White "Guazzelli, Jean-Baptiste"]
[Black "Grandelius, Nils"]
[Result "0-1"]
[WhiteElo "1760"]
[BlackElo "2643"]
[PlyCount "58"]
[EventDate "2016.??.??"]
[WhiteClock "0:38:36"]
[BlackClock "1:14:20"]

1. e4 c5 2. Nf3 Nf6 3. e5 Nd5 4. d4 cxd4 5. c4 Nc7 6. Nxd4 g6 7. Nc3 Bg7 8. Bf4
Nc6 9. Nxc6 bxc6 10. Qd2 Ne6 11. Bg3 Qa5 12. Qe3 Qb6 13. Qxb6 axb6 14. Be2 Ra5
15. f4 g5 16. f5 Nf4 17. f6 exf6 18. exf6 Bxf6 19. Bxf4 gxf4 20. O-O Be5 21.
Bd3 Kd8 22. Kh1 Kc7 23. Rf2 Ba6 24. Rc1 h5 25. Be2 Bd4 26. Rf3 Re5 27. Bd3 Rhe8
28. b4 Re1+ 29. Rf1 Rxc1 0-1

[Event "Porticcio Open"]
[Site "?"]
[Date "2016.06.25"]
[Round "1.7"]
[White "Edouard, Romain"]
[Black "Malassagne, Jerome"]
[Result "1-0"]
[WhiteElo "2641"]
[BlackElo "1756"]
[PlyCount "71"]
[EventDate "2016.??.??"]
[WhiteClock "1:38:21"]
[BlackClock "0:00:33"]

1. d4 Nf6 2. c4 g6 3. g3 Bg7 4. Bg2 d5 5. cxd5 Nxd5 6. Nf3 c6 7. O-O O-O 8. e4
Nf6 9. Nc3 Re8 10. h3 Nbd7 11. Bf4 Nh5 12. Bg5 h6 13. Be3 Nhf6 14. Qd2 Kh7 15.
Rad1 e6 16. Qc2 Qe7 17. e5 Nd5 18. Nh4 Nxc3 19. bxc3 Nf8 20. f4 Bd7 21. Qf2 b5
22. g4 f5 23. exf6 Bxf6 24. Nf3 a5 25. Ne5 Bxe5 26. dxe5 Red8 27. Bb6 Rdc8 28.
Bc5 Qg7 29. Kh1 Be8 30. Be4 Rd8 31. Bd6 Kg8 32. f5 exf5 33. gxf5 g5 34. e6 Nh7
35. f6 Kh8 36. fxg7+ 1-0

[Event "Porticcio Open"]
[Site "?"]
[Date "2016.06.25"]
[Round "1.8"]
[White "Corbel, Mael"]
[Black "Kuzubov, Yuriy"]
[Result "0-1"]
[WhiteElo "1751"]
[BlackElo "2635"]
[PlyCount "84"]
[EventDate "2016.??.??"]
[WhiteClock "0:00:40"]
[BlackClock "0:55:07"]

1. d4 Nf6 2. Nf3 e6 3. c4 c5 4. Nc3 cxd4 5. Nxd4 Nc6 6. Ndb5 Bb4 7. Bf4 O-O 8.
e3 d5 9. a3 Ba5 10. b4 a6 11. Nd4 Bb6 12. Nxc6 bxc6 13. Be2 Qe7 14. O-O Rd8 15.
Qa4 Bb7 16. c5 e5 17. Bg5 Bc7 18. Bf3 e4 19. Be2 h6 20. Bh4 g5 21. Bg3 Bxg3 22.
hxg3 Kg7 23. g4 Qe5 24. Qc2 Bc8 25. g3 Bxg4 26. Bxg4 Nxg4 27. Kg2 Qf6 28. Qe2
Ne5 29. Na4 h5 30. Nb6 Rab8 31. Rh1 Rh8 32. a4 h4 33. gxh4 gxh4 34. Rag1 Rh6
35. Kf1+ Rg6 36. Rxg6+ fxg6 37. b5 axb5 38. axb5 cxb5 39. Qxb5 Nd3 40. Rh2 Rf8
41. Nd7 Qa1+ 42. Ke2 Qe1# 0-1

[Event "Porticcio Open"]
[Site "?"]
[Date "2016.06.25"]
[Round "2.1"]
[White "Areshchenko, Kateryna"]
[Black "Bacrot, Etienne"]
[Result "0-1"]
[WhiteElo "2211"]
[BlackElo "2695"]
[PlyCount "115"]
[EventDate "2016.??.??"]
[WhiteClock "0:00:37"]
[BlackClock "0:02:18"]

1. e4 c5 2. b4 cxb4 3. a3 d5 4. exd5 Qxd5 5. Be2 Nc6 6. Nf3 e5 7. c4 Qd8 8. d3
Bd6 9. O-O Nge7 10. Re1 O-O 11. Bf1 Ng6 12. Nbd2 a5 13. Ne4 Be7 14. Bb2 Bg4 15.
h3 Bxf3 16. Qxf3 bxa3 17. Bxa3 Nd4 18. Qd1 Bb4 19. Bxb4 axb4 20. Rb1 Qe7 21.
Nd2 Nc6 22. Nb3 Qd6 23. Qf3 Rfd8 24. g3 Nge7 25. Red1 Ra3 26. Qe4 g6 27. Bg2
Nf5 28. Qe1 Ra2 29. Nc1 Rc2 30. Rd2 Nfd4 31. Rxc2 Nxc2 32. Qd1 Na3 33. Rb3 Nxc4
34. Bxc6 bxc6 35. Qe1 Na3 36. Qxb4 Nb5 37. Qc4 Qf6 38. Qe4 Rd4 39. Qe3 Ra4 40.
Kg2 Kg7 41. Ne2 Qe6 42. Rb2 Qd5+ 43. Qf3 Qxf3+ 44. Kxf3 Kf6 45. Rc2 Ra6 46. Ke3
Ke6 47. Rc4 Nd6 48. Rc5 Nf5+ 49. Ke4 f6 50. Nc3 Nd4 51. Ke3 Ra1 52. f4 Rh1 53.
fxe5 fxe5 54. Ne4 h6 55. h4 Rh2 56. Nf2 Rg2 57. g4 Rg1 58. Kd2 0-1

[Event "Porticcio Open"]
[Site "?"]
[Date "2016.06.25"]
[Round "2.2"]
[White "Areshchenko, Alexander"]
[Black "Merenciano, Alexandre"]
[Result "1-0"]
[WhiteElo "2654"]
[BlackElo "2189"]
[PlyCount "81"]
[EventDate "2016.??.??"]
[WhiteClock "0:06:45"]
[BlackClock "0:07:02"]

1. e4 e6 2. d4 d5 3. e5 c5 4. c3 Nc6 5. Nf3 Qb6 6. Be2 Bd7 7. O-O Rc8 8. a3 Nh6
9. b4 cxd4 10. cxd4 Nf5 11. Bb2 h5 12. Kh1 Be7 13. Nc3 Na5 14. Na4 Qc6 15. Nc5
Nc4 16. Bc1 b6 17. Nxd7 Qxd7 18. Bd3 g6 19. Bxf5 exf5 20. h4 a5 21. bxa5 bxa5
22. Re1 O-O 23. Ra2 Rb8 24. Bg5 Rb6 25. Bxe7 Qxe7 26. Ng5 Nxa3 27. Qf3 Qb4 28.
Rea1 Nb5 29. Ra4 Qb2 30. Qe3 Rc6 31. e6 fxe6 32. Nf3 f4 33. Qd3 Rf6 34. R4a2
Rc1+ 35. Kh2 Qc3 36. Qxb5 Rxa1 37. Qe8+ Kg7 38. Ng5 Rxa2 39. Qe7+ Kg8 40. Qxf6
Qc7 41. Nxe6 1-0

[Event "Porticcio Open"]
[Site "?"]
[Date "2016.06.25"]
[Round "2.3"]
[White "Podvin, Francois-Xavier"]
[Black "Laznicka, Viktor"]
[Result "0-1"]
[WhiteElo "2165"]
[BlackElo "2654"]
[PlyCount "50"]
[EventDate "2016.??.??"]
[WhiteClock "0:43:38"]
[BlackClock "0:58:59"]

1. e4 c5 2. Nf3 e6 3. g3 Nc6 4. Bg2 Nf6 5. Qe2 d6 6. O-O Be7 7. c3 e5 8. Rd1
Bg4 9. d3 O-O 10. Nbd2 Qd7 11. Nc4 Rae8 12. Ne3 Bh5 13. Nf5 Bd8 14. h3 d5 15.
Bg5 d4 16. Bxf6 Bxf6 17. g4 Bg6 18. h4 h6 19. g5 hxg5 20. hxg5 Be7 21. Bh3 Qd8
22. cxd4 exd4 23. Nxe7+ Qxe7 24. Kh1 Bh5 25. Rg1 Ne5 0-1

[Event "Porticcio Open"]
[Site "?"]
[Date "2016.06.25"]
[Round "2.5"]
[White "Hagesather, Ellen"]
[Black "Jones, Gawain C B"]
[Result "0-1"]
[WhiteElo "2144"]
[BlackElo "2650"]
[PlyCount "76"]
[EventDate "2016.??.??"]
[WhiteClock "0:05:59"]
[BlackClock "0:20:32"]

1. Nf3 d6 2. e4 Nf6 3. d3 g6 4. g3 Bg7 5. Bg2 O-O 6. O-O c5 7. c3 Nc6 8. h3 c4
9. Na3 cxd3 10. Qxd3 b6 11. Re1 Bb7 12. Bf4 d5 13. e5 Ne4 14. h4 e6 15. Qe3 Qe7
16. Nc2 Na5 17. Nd2 Nxd2 18. Qxd2 Nc4 19. Qc1 f6 20. exf6 Qxf6 21. Re2 e5 22.
Bg5 Qf7 23. Ne1 e4 24. Bh6 Ba6 25. Bxg7 Qxg7 26. Rc2 Rad8 27. Bf1 e3 28. Bxc4
exf2+ 29. Rxf2 dxc4 30. Qc2 Qe5 31. Qe2 Qxg3+ 32. Rg2 Qxh4 33. Nf3 Qf6 34. Ne5
b5 35. Ng4 Qb6+ 36. Kh2 Qc7+ 37. Kg1 Bb7 38. Qe6+ Kg7 0-1

[Event "Porticcio Open"]
[Site "?"]
[Date "2016.06.25"]
[Round "2.6"]
[White "Sanvoisin, Corentin"]
[Black "Edouard, Romain"]
[Result "0-1"]
[WhiteElo "2144"]
[BlackElo "2648"]
[PlyCount "76"]
[EventDate "2016.??.??"]
[WhiteClock "0:01:34"]
[BlackClock "1:04:35"]

1. e4 c5 2. Nf3 Nc6 3. c3 Nf6 4. e5 Nd5 5. d4 cxd4 6. cxd4 d6 7. Bc4 Nb6 8. Bb5
dxe5 9. Nxe5 Bd7 10. Bxc6 Bxc6 11. Nxc6 bxc6 12. Nc3 e6 13. O-O Be7 14. Bf4 O-O
15. Rc1 Rc8 16. Qd3 c5 17. Rfd1 Qxd4 18. Qxd4 cxd4 19. Rxd4 Bf6 20. Rd3 Nc4 21.
Ne4 Bxb2 22. Rb1 Be5 23. Bxe5 Nxe5 24. Ra3 Rc7 25. h3 Rd8 26. Rb5 f6 27. Ra6
Rd5 28. Nd6 Rd1+ 29. Kh2 h5 30. Rb8+ Kh7 31. Ne8 Rcc1 32. Kg3 Rd4 33. Rd6 h4+
34. Kh2 Re4 35. Nxf6+ gxf6 36. Ra6 Ree1 37. Rxa7+ Kg6 38. Rg8+ Kf5 0-1

[Event "Porticcio Open"]
[Site "?"]
[Date "2016.06.25"]
[Round "2.7"]
[White "Grandelius, Nils"]
[Black "Andersen, Alf R"]
[Result "1-0"]
[WhiteElo "2643"]
[BlackElo "2124"]
[PlyCount "55"]
[EventDate "2016.??.??"]
[WhiteClock "0:22:43"]
[BlackClock "0:00:49"]

1. c4 e6 2. Nc3 d5 3. d4 f5 4. Bf4 Nf6 5. e3 c6 6. Nf3 Be7 7. Bd3 O-O 8. Qc2
Ne4 9. g4 fxg4 10. Bxe4 dxe4 11. Ne5 c5 12. O-O-O cxd4 13. Rxd4 Qa5 14. Rg1 Bf6
15. Rxe4 Nc6 16. Nxg4 e5 17. Bh6 Bf5 18. Nd5 Bd8 19. Nxe5 Nxe5 20. Bxg7 Nf3 21.
Bxf8+ Nxg1 22. Bb4 Bxe4 23. Qxe4 Ne2+ 24. Kd2 Qa4 25. Kxe2 Rc8 26. Qe6+ Kg7 27.
Qxc8 Qc2+ 28. Bd2 1-0

[Event "Porticcio Open"]
[Site "?"]
[Date "2016.06.25"]
[Round "2.8"]
[White "Kuzubov, Yuriy"]
[Black "Markocic, Tine"]
[Result "1-0"]
[WhiteElo "2635"]
[BlackElo "2087"]
[PlyCount "71"]
[EventDate "2016.??.??"]
[WhiteClock "1:07:29"]
[BlackClock "0:34:58"]

1. d4 Nf6 2. Nf3 e6 3. c4 Bb4+ 4. Nbd2 Nc6 5. a3 Bxd2+ 6. Qxd2 d6 7. Qc2 Qe7 8.
b4 e5 9. d5 Nb8 10. e4 Nbd7 11. Be2 O-O 12. O-O a5 13. Be3 b6 14. Nd2 axb4 15.
axb4 Bb7 16. f3 Rfc8 17. Rfb1 Qf8 18. Rxa8 Rxa8 19. c5 bxc5 20. bxc5 Ba6 21.
Bxa6 Rxa6 22. c6 Nc5 23. Bxc5 dxc5 24. Nc4 Qa8 25. Qb2 Ne8 26. Qxe5 Ra4 27. Ne3
Nd6 28. h4 Rb4 29. Ra1 Qb8 30. Qe7 Rb3 31. Nf5 Nxf5 32. exf5 Rd3 33. Qxc7 Rd1+
34. Rxd1 Qxc7 35. d6 Qd8 36. d7 1-0

[Event "Porticcio Open"]
[Site "?"]
[Date "2016.06.25"]
[Round "3.1"]
[White "Bacrot, Etienne"]
[Black "Bekker-Jensen, Simon"]
[Result "1-0"]
[WhiteElo "2695"]
[BlackElo "2460"]
[PlyCount "75"]
[EventDate "2016.??.??"]
[WhiteClock "0:04:55"]
[BlackClock "0:18:14"]

1. e4 e5 2. Nf3 Nc6 3. Bb5 a6 4. Ba4 Nf6 5. d3 d6 6. c3 Be7 7. Nbd2 b5 8. Bc2
d5 9. O-O O-O 10. Re1 dxe4 11. dxe4 Be6 12. a4 Rb8 13. Qe2 Qc8 14. Bd3 Qb7 15.
Nf1 Rfd8 16. Ng3 h6 17. b4 Bd6 18. h3 Ne7 19. axb5 axb5 20. Be3 Nc8 21. Qc2 c6
22. Nf5 Bxf5 23. exf5 Qc7 24. Ra6 Re8 25. Nd2 Nb6 26. Ne4 Nbd5 27. Nxf6+ Nxf6
28. Be4 Nd5 29. f6 Nxf6 30. Rxc6 Qe7 31. Rd1 Nxe4 32. Qxe4 Red8 33. Qg4 Bc7 34.
Rxd8+ Rxd8 35. Bxh6 f6 36. Bxg7 Qxg7 37. Rxc7 Qxg4 38. hxg4 1-0

[Event "Porticcio Open"]
[Site "?"]
[Date "2016.06.25"]
[Round "3.2"]
[White "Sengupta, Deep"]
[Black "Areshchenko, Alexander"]
[Result "1/2-1/2"]
[WhiteElo "2543"]
[BlackElo "2654"]
[PlyCount "99"]
[EventDate "2016.??.??"]
[WhiteClock "0:06:24"]
[BlackClock "0:15:35"]

1. e4 c5 2. Nf3 d6 3. d4 cxd4 4. Nxd4 Nf6 5. Nc3 a6 6. a4 e5 7. Nf3 Be7 8. Bc4
Be6 9. Qe2 Qc7 10. Ba2 Nc6 11. O-O Rc8 12. Bg5 Nb4 13. Bb3 O-O 14. Bxf6 Bxf6
15. Rfd1 Rfd8 16. Ne1 g6 17. Ra3 Bg7 18. Nd5 Nxd5 19. Bxd5 Bxd5 20. Rxd5 Qc4
21. Kf1 f5 22. Qxc4 Rxc4 23. exf5 gxf5 24. Rad3 e4 25. b3 exd3 26. bxc4 dxc2
27. Nxc2 Rc8 28. Ne3 f4 29. Nf5 Rxc4 30. Nxg7 Kxg7 31. Rxd6 Rxa4 32. Rb6 Ra2
33. h4 a5 34. Rxb7+ Kg6 35. Rb5 a4 36. Ra5 a3 37. Kg1 Ra1+ 38. Kh2 h5 39. Rg5+
Kh6 40. Ra5 a2 41. Ra6+ Kg7 42. f3 Kf7 43. Ra4 Ke6 44. Ra5 Kd6 45. Ra4 Ke5 46.
Re4+ Kd5 47. Ra4 Ke5 48. Re4+ Kd5 49. Ra4 Ke5 50. Re4+ 1/2-1/2

[Event "Porticcio Open"]
[Site "?"]
[Date "2016.06.25"]
[Round "3.3"]
[White "Laznicka, Viktor"]
[Black "Capone, Nicola"]
[Result "1-0"]
[WhiteElo "2654"]
[BlackElo "2397"]
[PlyCount "37"]
[EventDate "2016.??.??"]
[WhiteClock "0:53:19"]
[BlackClock "0:52:14"]

1. Nf3 d5 2. g3 Nf6 3. Bg2 Bf5 4. c4 c6 5. O-O e6 6. d3 Be7 7. Qb3 Qb6 8. Be3
Qxb3 9. axb3 Na6 10. Nd4 Nc5 11. b4 Ncd7 12. b5 c5 13. Nxf5 exf5 14. cxd5 Bd6
15. Nd2 Ke7 16. Nc4 Nb6 17. Nxd6 Kxd6 18. Rfc1 Rhc8 19. Bf4+ {Kxd5} 1-0

[Event "Porticcio Open"]
[Site "?"]
[Date "2016.06.25"]
[Round "3.4"]
[White "Schroeder, Jan-Christian"]
[Black "Zhigalko, Sergei"]
[Result "1/2-1/2"]
[WhiteElo "2507"]
[BlackElo "2653"]
[PlyCount "106"]
[EventDate "2016.??.??"]
[WhiteClock "0:01:50"]
[BlackClock "0:01:23"]

1. e4 c5 2. Nf3 d6 3. d4 cxd4 4. Nxd4 Nf6 5. Nc3 a6 6. Be3 e6 7. g4 h6 8. h4
Nc6 9. Rg1 h5 10. gxh5 Rxh5 11. Bg5 Rh8 12. Be2 Qb6 13. Nb3 Qc7 14. Qd2 b5 15.
a3 Ne5 16. O-O-O Nc4 17. Qd4 e5 18. Qd3 Be6 19. Nd5 Bxd5 20. exd5 Nh7 21. Kb1
Nxg5 22. hxg5 g6 23. Qe4 Be7 24. c3 Rc8 25. Bxc4 Qxc4 26. Nd2 Qxe4+ 27. Nxe4
Rh4 28. Rde1 Kd7 29. Kc2 Rch8 30. Kd3 Bd8 31. Rg3 Rf4 32. f3 Rh2 33. Nd2 Rf5
34. Reg1 Bb6 35. R1g2 Rxg2 36. Rxg2 Bd8 37. Ne4 Rxf3+ 38. Ke2 Rf4 39. Kd3 Rf3+
40. Ke2 Rf5 41. Rg3 Rf4 42. Kd3 Rf1 43. Rh3 Rf5 44. Rg3 a5 45. b3 Rf1 46. Rh3
Rd1+ 47. Ke2 Rxd5 48. b4 axb4 49. axb4 Ke6 50. Rf3 Be7 51. Rf1 Bd8 52. Rf3 Be7
53. Rf1 Bd8 1/2-1/2

[Event "Porticcio Open"]
[Site "?"]
[Date "2016.06.25"]
[Round "3.5"]
[White "Jones, Gawain C B"]
[Black "Massoni, Michael"]
[Result "1-0"]
[WhiteElo "2650"]
[BlackElo "2351"]
[PlyCount "81"]
[EventDate "2016.??.??"]
[WhiteClock "0:32:57"]
[BlackClock "0:14:41"]

1. c4 e5 2. Nc3 Nf6 3. g3 d5 4. cxd5 Nxd5 5. Bg2 Nb6 6. Nf3 Nc6 7. O-O Be7 8.
Rb1 Be6 9. b4 a6 10. a3 O-O 11. d3 f6 12. Bb2 Qc8 13. Ne4 Rd8 14. Nc5 Bxc5 15.
bxc5 Nc4 16. Nd2 Nxb2 17. Rxb2 Rb8 18. Bxc6 bxc6 19. Rxb8 Qxb8 20. Qc2 Rd5 21.
Rb1 Qf8 22. Qb3 Qxc5 23. Qb8+ Kf7 24. Qxc7+ Rd7 25. Qc8 Re7 26. Qxa6 Qc2 27.
Qa5 Bd5 28. Qb4 Ra7 29. f3 Ra4 30. Qb2 Qc5+ 31. Kf1 Rxa3 32. Qb7+ Kg6 33. Qd7
Ra7 34. Qg4+ Kh6 35. Qh4+ Kg6 36. g4 Kf7 37. Qh5+ Ke6 38. Qxh7 Qc2 39. Qg8+ Ke7
40. Qxg7+ Bf7 41. g5 1-0

[Event "Porticcio Open"]
[Site "?"]
[Date "2016.06.25"]
[Round "3.6"]
[White "Edouard, Romain"]
[Black "Dubessay, Bastien"]
[Result "1-0"]
[WhiteElo "2648"]
[BlackElo "2304"]
[PlyCount "71"]
[EventDate "2016.??.??"]
[WhiteClock "0:22:09"]
[BlackClock "0:02:54"]

1. d4 f5 2. Bg5 h6 3. Bd2 Nf6 4. e3 e6 5. Be2 Be7 6. Bh5+ Nxh5 7. Qxh5+ Kf8 8.
Nc3 Nc6 9. d5 Ne5 10. Qe2 b5 11. dxe6 dxe6 12. Qxb5 Bf6 13. O-O-O Bd7 14. Qc5+
Qe7 15. Qxe7+ Kxe7 16. Nge2 g5 17. Nd4 Rhd8 18. Nce2 Nc4 19. Bb4+ Kf7 20. b3
Nd6 21. Ba5 Rdc8 22. c4 Ke7 23. c5 Ne4 24. Rhf1 Rab8 25. c6 Be8 26. h3 Nd6 27.
f4 Nb5 28. g4 Nxd4 29. Nxd4 gxf4 30. gxf5 fxe3 31. fxe6 Bh5 32. Rd3 Bxd4 33.
Rxd4 Rb5 34. Bc3 Rg8 35. Rd7+ Ke8 36. Bf6 1-0

[Event "Porticcio Open"]
[Site "?"]
[Date "2016.06.25"]
[Round "3.7"]
[White "Sagar, Shah"]
[Black "Grandelius, Nils"]
[Result "0-1"]
[WhiteElo "2433"]
[BlackElo "2643"]
[PlyCount "122"]
[EventDate "2016.??.??"]
[WhiteClock "0:00:33"]
[BlackClock "0:06:10"]

1. d4 Nf6 2. c4 e6 3. Nc3 Bb4 4. e3 O-O 5. Bd3 d5 6. Nf3 b6 7. O-O Ba6 8. cxd5
exd5 9. a3 Bxc3 10. bxc3 Qc8 11. a4 Nc6 12. Ba3 Re8 13. Bb4 Ne4 14. a5 Bxd3 15.
Qxd3 Qe6 16. Rfc1 h6 17. Nd2 Rad8 18. Nxe4 dxe4 19. Qe2 Qf5 20. Rcb1 Re6 21. c4
Rg6 22. axb6 axb6 23. Ba3 Na5 24. c5 Qh3 25. g3 Rd5 26. Qf1 Qe6 27. cxb6 cxb6
28. Bb4 Nc6 29. Ra8+ Kh7 30. Ba3 Qd7 31. Kh1 Rf6 32. Rxb6 Nxd4 33. Rxf6 Ne6 34.
Qc4 gxf6 35. Qc8 Qxc8 36. Rxc8 Ng5 37. Kg2 Nf3 38. g4 Rg5 39. h3 f5 40. Bb2
fxg4 41. Rh8+ Kg6 42. Rg8+ Kh5 43. Re8 gxh3+ 44. Kxh3 Rf5 45. Bg7 Ng5+ 46. Kg2
Ne6 47. Bc3 Kg4 48. Rc8 Rc5 49. Rg8+ Rg5 50. Rb8 h5 51. Rb4 Kf5+ 52. Kh2 Rg4
53. Rb5+ Kg6 54. Bb4 Rg5 55. Rb6 Rf5 56. Kg2 h4 57. Bd6 Kh5 58. Rb4 h3+ 59. Kg1
Ng5 60. Bf4 Nf3+ 61. Kf1 Rd5 0-1

[Event "Porticcio Open"]
[Site "?"]
[Date "2016.06.25"]
[Round "3.8"]
[White "Zude, Erik"]
[Black "Kuzubov, Yuriy"]
[Result "1/2-1/2"]
[WhiteElo "2403"]
[BlackElo "2635"]
[PlyCount "83"]
[EventDate "2016.??.??"]
[WhiteClock "0:08:13"]
[BlackClock "0:07:11"]

1. d4 Nf6 2. c4 e6 3. Nc3 Bb4 4. Nf3 c5 5. e3 O-O 6. Bd3 d5 7. O-O dxc4 8. Bxc4
cxd4 9. exd4 b6 10. Bg5 Bb7 11. Qe2 Bxc3 12. bxc3 Nbd7 13. Ne5 Rc8 14. Rad1 Qc7
15. Nxd7 Nxd7 16. Bb5 a6 17. Bxa6 Bxa6 18. Qxa6 h6 19. Be7 Rfe8 20. Bb4 Nf6 21.
a4 Nd5 22. g3 Qc6 23. Ra1 Ra8 24. Qb5 Qxb5 25. axb5 Rac8 26. Ra6 Rc4 27. Rfa1
Kh7 28. Ra7 Kg6 29. Rb7 e5 30. dxe5 Rxe5 31. Rd1 Nxb4 32. Rxb6+ Kh7 33. cxb4
Rxb4 34. Rb7 Rf5 35. Rd2 Rbxb5 36. Rxb5 Rxb5 37. h4 h5 38. Kg2 Ra5 39. Re2 Rb5
40. Rd2 Ra5 41. Re2 Rb5 42. Rd2 1/2-1/2

[Event "Porticcio Open"]
[Site "?"]
[Date "2016.06.25"]
[Round "4.1"]
[White "Grandelius, Nils"]
[Black "Bacrot, Etienne"]
[Result "1/2-1/2"]
[WhiteElo "2643"]
[BlackElo "2695"]
[PlyCount "71"]
[EventDate "2016.??.??"]
[WhiteClock "0:23:08"]
[BlackClock "0:13:15"]

1. d4 d5 2. c4 e6 3. Nc3 Be7 4. Bf4 Nf6 5. e3 O-O 6. a3 b6 7. cxd5 Nxd5 8. Nxd5
exd5 9. Bd3 c5 10. Ne2 Nd7 11. O-O Bb7 12. dxc5 bxc5 13. b4 Bf6 14. Rb1 c4 15.
Bc2 Qe7 16. Nd4 g6 17. a4 a6 18. b5 Nc5 19. Nc6 Bxc6 20. bxc6 Qe6 21. a5 Be5
22. Rb6 Bxf4 23. exf4 Rab8 24. f5 Qd6 25. fxg6 hxg6 26. c7 Rxb6 27. axb6 Qxb6
28. Qxd5 Ne6 29. Qxc4 Qxc7 30. Qxc7 Nxc7 31. Ra1 Rd8 32. g3 Rd2 33. Be4 Rd4 34.
Bc2 Rd2 35. Be4 Rd4 36. Bc2 1/2-1/2

[Event "Porticcio Open"]
[Site "?"]
[Date "2016.06.25"]
[Round "4.2"]
[White "Naroditsky, Daniel"]
[Black "Laznicka, Viktor"]
[Result "1-0"]
[WhiteElo "2634"]
[BlackElo "2654"]
[PlyCount "119"]
[EventDate "2016.??.??"]
[WhiteClock "0:01:38"]
[BlackClock "0:02:50"]

1. d4 d5 2. c4 c6 3. Nf3 Nf6 4. Nc3 a6 5. g3 e6 6. Bg2 dxc4 7. Ne5 b5 8. O-O
Bb7 9. b3 cxb3 10. axb3 Be7 11. Ne4 Nxe4 12. Bxe4 f6 13. Nf3 Nd7 14. Bd2 f5 15.
Ba5 Qb8 16. Bc2 c5 17. dxc5 Nxc5 18. Qd4 O-O 19. Rad1 Qe8 20. Bc3 Rf7 21. Ne5
Rd8 22. Qe3 Rf8 23. Rxd8 Qxd8 24. Rd1 Qc8 25. Bb4 Rd8 26. Rc1 Rd5 27. Bxf5 exf5
28. Nd3 Qc6 29. Qxe7 Rxd3 30. f3 Qd7 31. Qxc5 Rd1+ 32. Kg2 h6 33. Qf8+ Kh7 34.
Rxd1 Qxd1 35. Qxf5+ Kh8 36. Qf8+ Kh7 37. Qf5+ Kh8 38. Qe5 Qxb3 39. Bc3 Qf7 40.
g4 Bd5 41. Kg3 Qb7 42. Qd6 Kh7 43. h4 Bc4 44. h5 b4 45. Bb2 a5 46. Qg6+ Kg8 47.
Qe8+ Kh7 48. Qg6+ Kg8 49. Qe8+ Kh7 50. f4 Qb6 51. Qe4+ Kh8 52. Qxc4 Qe3+ 53.
Kg2 a4 54. Bd4 Qe7 55. Qc8+ Kh7 56. Qf5+ Kh8 57. Qe5 Qb7+ 58. e4 a3 59. g5 b3
60. Qe8+ 1-0

[Event "Porticcio Open"]
[Site "?"]
[Date "2016.06.25"]
[Round "4.3"]
[White "Maze, Sebastien"]
[Black "Jones, Gawain C B"]
[Result "1/2-1/2"]
[WhiteElo "2627"]
[BlackElo "2650"]
[PlyCount "63"]
[EventDate "2016.??.??"]
[WhiteClock "0:45:58"]
[BlackClock "1:09:11"]

1. e4 c5 2. Nf3 d6 3. d4 cxd4 4. Nxd4 Nf6 5. Nc3 g6 6. Be2 Bg7 7. Be3 Nc6 8.
O-O O-O 9. Qd2 d5 10. Rfd1 Nxd4 11. Qxd4 Nxe4 12. Qxd5 Nd6 13. Qb3 Be6 14. Nd5
Nf5 15. Bf3 Nxe3 16. Qxe3 Bxd5 17. Rxd5 Qc7 18. c3 b6 19. Rad1 Rad8 20. g3 Rxd5
21. Rxd5 e6 22. Rd3 Rd8 23. Qd2 Bf6 24. Rxd8+ Qxd8 25. Qxd8+ Bxd8 26. Bc6 Kf8
27. f4 Ke7 28. Kf2 Kd6 29. Be8 Ke7 30. Bc6 Kd6 31. Be8 Ke7 32. Bc6 1/2-1/2

[Event "Porticcio Open"]
[Site "?"]
[Date "2016.06.25"]
[Round "4.4"]
[White "Lalith Babu M R"]
[Black "Edouard, Romain"]
[Result "0-1"]
[WhiteElo "2579"]
[BlackElo "2648"]
[PlyCount "46"]
[EventDate "2016.??.??"]
[WhiteClock "0:18:12"]
[BlackClock "0:56:31"]

1. d4 Nf6 2. c4 e6 3. Nf3 d5 4. Nc3 c5 5. cxd5 cxd4 6. Qxd4 exd5 7. e3 Nc6 8.
Qd1 g6 9. Bd3 Bg7 10. O-O O-O 11. Bd2 Re8 12. Nb5 Ne4 13. Bc3 Nxc3 14. Nxc3 Qa5
15. Be2 Be6 16. Qd2 d4 17. Nxd4 Nxd4 18. exd4 Rad8 19. Qc2 Rxd4 20. Bf3 Red8
21. Rad1 Rxd1 22. Nxd1 b5 23. Nc3 b4 0-1

[Event "Porticcio Open"]
[Site "?"]
[Date "2016.06.25"]
[Round "4.5"]
[White "Areshchenko, Alexander"]
[Black "Cornette, Matthieu"]
[Result "1/2-1/2"]
[WhiteElo "2654"]
[BlackElo "2583"]
[PlyCount "96"]
[EventDate "2016.??.??"]
[WhiteClock "0:01:39"]
[BlackClock "0:03:48"]

1. e4 c5 2. Nf3 Nc6 3. Bb5 g6 4. Bxc6 dxc6 5. d3 Bg7 6. h3 Nf6 7. Nc3 b6 8. Bf4
Nd7 9. Qd2 h6 10. Nh2 e5 11. Be3 Nf8 12. O-O-O Ne6 13. Kb1 Ba6 14. Ne2 Qe7 15.
c4 Rd8 16. Qc1 Rd7 17. f4 exf4 18. Nxf4 Nxf4 19. Bxf4 g5 20. Be3 O-O 21. h4
Rfd8 22. Qc2 b5 23. hxg5 h5 24. cxb5 Bxb5 25. Bxc5 Qe6 26. d4 Bxd4 27. Bxd4
Rxd4 28. Rxd4 Rxd4 29. Ka1 Rxe4 30. Nf3 Be2 31. Nd2 Re5 32. Nb3 Bc4 33. Qc3
Bxb3 34. axb3 c5 35. Qa5 Qd5 36. Rc1 Rxg5 37. Qxa7 Qxg2 38. b4 c4 39. Qd4 Rg4
40. Qd8+ Kg7 41. Re1 Qc6 42. Qa5 Kh6 43. b5 Rg5 44. Qd8 Qxb5 45. Qh8+ Kg6 46.
Qg8+ Kh6 47. Qh8+ Kg6 48. Qg8+ Kh6 1/2-1/2